| 000 | 00810nac a22002171u 4500 | ||
|---|---|---|---|
| 010 | _a 99049531 | ||
| 020 | _a013013306X | ||
| 020 | _a0130173959 | ||
| 082 | 0 | 0 |
_a339 _bB6392 |
| 090 |
_c4141 _d4141 |
||
| 100 | _aBlanchard, Olivier | ||
| 245 | 1 | 0 |
_aMacroeconomics / _cOlivier Blanchard. |
| 250 | _a2nd ed. | ||
| 260 |
_aUpper Saddle River, N.J. : _bPrentice-Hall, _cc2000. |
||
| 300 |
_a548 [37] p. : _bill. (some col.) ; _c26 cm. |
||
| 500 | _aA multimedia teaching/learning package for instructors/students supplements the text. | ||
| 504 | _aIncludes bibliographical references and index. | ||
| 650 | 0 | _aMacroeconomics. | |
| 942 |
_cBB _k339B6392 |
||
| 999 |
_c4141 _d4141 |
||